000 00588nam a22001937a 4500
003 OSt
005 20140310183011.0
008 130211t xxu||||| |||| 00| 0 eng d
020 _a9718581707
050 _aLB 1028.46
_b.Ap639 2004
100 _aApat, May Q.
245 _aThe Center-based learning approach :
_ban innovative approach to teaching and learning /
_cMay Apat ; edited by Ernie T. Bhagwani.
260 _aQuezon City :
_b Great Books Trading,
_cc2004.
300 _a 100 p. :
_c22 cm.
_bill. ;
521 _aEDU
562 _e1
942 _2lcc
_cBK
_kLOC
999 _c18245
_d18245